[Event "33rd Leon Blitz Open 2020"]
[Site "chess.com INT"]
[Date "2020.07.14"]
[Round "9"]
[White "Divya, Deshmukh"]
[Black "Stojanovski, Sandi"]
[Result "1-0"]
[WhiteTitle "WIM"]
[BlackTitle "FM"]
[WhiteElo "2305"]
[BlackElo "2232"]
[WhiteFideId "35006916"]
[BlackFideId "1403249"]
[EventDate "2020.07.14"]
[EventType "blitz"]

1. e4 c5 2. Nf3 Nc6 3. d4 cxd4 4. Nxd4 Nf6 5. Nc3 e5 6. Ndb5 d6 7. Bg5 a6 8. Na3
b5 9. Nd5 Be7 10. Bxf6 Bxf6 11. c3 Bg5 12. Nc2 O-O 13. Bd3 Ne7 14. Ncb4 Bb7 15.
a4 a5 16. Nxe7+ Bxe7 17. Nc2 f5 18. exf5 bxa4 19. Ne3 d5 20. O-O Bc5 21. Bc2 Kh8
22. Rxa4 Ra6 23. Qe2 Rh6 24. Ng4 Rh4 25. Nxe5 Rxa4 26. Bxa4 Rxf5 27. Bc2 Rf6 28.
Qh5 h6 29. Nf7+ Rxf7 30. Qxf7 d4 31. Qxb7 d3 32. Bd1 d2 33. Qe4 Qf6 34. Bc2 Kg8
35. Qe8+ 1-0

[Event "33rd Leon Blitz Open 2020"]
[Site "chess.com INT"]
[Date "2020.07.14"]
[Round "9"]
[White "Matinian, Nikita"]
[Black "Motylev, Alexander"]
[Result "1-0"]
[WhiteTitle "GM"]
[BlackTitle "GM"]
[WhiteElo "2475"]
[BlackElo "2641"]
[WhiteFideId "24129100"]
[BlackFideId "4121830"]
[EventDate "2020.07.14"]
[EventType "blitz"]

1. e4 d6 2. d4 Nf6 3. Nc3 g6 4. f4 Bg7 5. Nf3 O-O 6. Bd3 Nc6 7. e5 dxe5 8. dxe5
Nd5 9. Nxd5 Qxd5 10. Qe2 Bg4 11. Be4 Qc5 12. c3 f5 13. Be3 fxe4 14. Bxc5 exf3
15. gxf3 Bh3 16. Be3 Rad8 17. Rd1 Rxd1+ 18. Qxd1 Be6 19. b3 Bh6 20. Qc1 a5 21.
h4 Rf5 22. Kf2 Rh5 23. Qd2 Bg7 24. b4 Kf7 25. b5 Nb8 26. a4 Nd7 27. c4 b6 28. c5
Ke8 29. c6 Nf8 30. Bxb6 cxb6 31. c7 Bd7 32. Rd1 Be6 33. Qd8+ Kf7 34. c8=Q Bxc8
35. Qxc8 Rxh4 36. Kg3 Rh5 37. Qc6 Ne6 38. Rd6 Nxf4 39. Qc4+ Ke8 40. Qg8+ Bf8 41.
Rxb6 Ne2+ 42. Kf2 Rh2+ 43. Ke3 1-0

[Event "33rd Leon Blitz Open 2020"]
[Site "chess.com INT"]
[Date "2020.07.14"]
[Round "9"]
[White "Lysyj, Igor"]
[Black "Gabdrakhmanov, Azat"]
[Result "1-0"]
[WhiteTitle "GM"]
[BlackTitle "FM"]
[WhiteElo "2594"]
[BlackElo "2328"]
[WhiteFideId "4150120"]
[BlackFideId "34189197"]
[EventDate "2020.07.14"]
[EventType "blitz"]

1. d4 Nf6 2. c4 g6 3. Nc3 Bg7 4. e4 O-O 5. Nf3 d6 6. Be2 e5 7. O-O Na6 8. Be3
Ng4 9. Bg5 Qe8 10. Re1 c6 11. h3 Nf6 12. Bf1 h6 13. Be3 Qe7 14. c5 dxc5 15. dxe5
Nd7 16. Bxa6 bxa6 17. Na4 Re8 18. Qc2 Nxe5 19. Nxe5 Qxe5 20. Bxc5 Be6 21. Rad1
Rad8 22. Rxd8 Rxd8 23. Bxa7 Bxa2 24. Bb6 Rb8 25. b3 Rxb6 26. Nxb6 Qa5 27. Rd1
Qxb6 28. Qxa2 c5 29. Qc2 Bd4 30. g3 Qd6 31. Kg2 Qe5 32. Qe2 h5 33. h4 Qe6 34.
Rd3 a5 35. Rf3 f5 36. Rf4 Qc6 37. Qf3 Be5 38. exf5 Qxf3+ 39. Rxf3 Kg7 40. fxg6
Kxg6 41. Rf8 Bd4 42. Ra8 Bc3 43. f3 Kf5 44. Kf2 Ke5 45. Ke2 Kd5 46. g4 1-0

[Event "33rd Leon Blitz Open 2020"]
[Site "chess.com INT"]
[Date "2020.07.14"]
[Round "9"]
[White "Shimanov, Aleksandr"]
[Black "Aravindh, Chithambaram VR."]
[Result "1-0"]
[WhiteTitle "GM"]
[BlackTitle "GM"]
[WhiteElo "2593"]
[BlackElo "2641"]
[WhiteFideId "4198603"]
[BlackFideId "5072786"]
[EventDate "2020.07.14"]
[EventType "blitz"]

1. d4 Nf6 2. Bf4 e6 3. e3 Bd6 4. Nf3 Bxf4 5. exf4 c5 6. dxc5 Qa5+ 7. Nbd2 Qxc5
8. c3 O-O 9. Bd3 Nc6 10. O-O Qd6 11. Nc4 Qxf4 12. g3 Qc7 13. Nd6 Nd5 14. Ng5 g6
15. Nb5 Qe5 16. Qd2 a6 17. Rae1 Qb8 18. c4 Nf6 19. Qc3 e5 20. Na3 d6 21. f4 Nd7
22. Be4 Nd4 23. Bd5 Nf6 24. fxe5 Nxd5 25. Qxd4 Nc7 26. exd6 Ne6 27. Nxe6 Bxe6
28. c5 Qd8 29. Nc4 Bxc4 30. Qxc4 Rc8 31. Qd5 Qa5 32. Re5 b6 33. b4 Qxb4 34. c6
Qc3 35. c7 b5 36. d7 1-0

[Event "33rd Leon Blitz Open 2020"]
[Site "chess.com INT"]
[Date "2020.07.14"]
[Round "9"]
[White "Mikhalevski, Victor"]
[Black "Schitco, Ivan"]
[Result "1-0"]
[WhiteTitle "GM"]
[BlackTitle "IM"]
[WhiteElo "2565"]
[BlackElo "2467"]
[WhiteFideId "2801914"]
[BlackFideId "13905465"]
[EventDate "2020.07.14"]
[EventType "blitz"]

1. d4 d5 2. c4 dxc4 3. e4 Nf6 4. e5 Nd5 5. Bxc4 Nb6 6. Bd3 Nc6 7. Be3 Nb4 8. Be4
f5 9. exf6 exf6 10. Nc3 f5 11. Bb1 N4d5 12. Nf3 Bb4 13. O-O Bxc3 14. bxc3 Nxc3
15. Qb3 Nxb1 16. Bg5 Qd5 17. Re1+ Kf7 18. Ne5+ Kg8 19. Qxb1 Be6 20. Qc2 c6 21.
Nd3 Bf7 22. Re7 h6 23. Be3 g5 24. Ne5 Be6 25. Rxb7 Rh7 26. Rxh7 Kxh7 27. Rc1 Rc8
28. Qe2 Nd7 29. Rb1 Nxe5 30. dxe5 Kg6 31. h4 c5 32. h5+ Kf7 33. Qa6 Rc7 34. Qa5
Rb7 35. Rc1 f4 36. Bxc5 Qxa2 37. Qd8 Bd5 38. Qf8+ Ke6 39. Qf6+ Kd7 40. Qd6+ Ke8
41. e6 Bxe6 42. Re1 Rb1 43. Qe7# 1-0

[Event "33rd Leon Blitz Open 2020"]
[Site "chess.com INT"]
[Date "2020.07.14"]
[Round "9"]
[White "Musovic, Armin"]
[Black "Pandey, Srishti"]
[Result "1-0"]
[WhiteTitle "FM"]
[BlackTitle "WFM"]
[WhiteElo "2207"]
[BlackElo "2026"]
[WhiteFideId "939935"]
[BlackFideId "35093290"]
[EventDate "2020.07.14"]
[EventType "blitz"]

1. a3 g6 2. Nc3 e5 3. e4 Bg7 4. Nf3 Nc6 5. Bc4 Nge7 6. Ba2 O-O 7. d3 d6 8. h3 h6
9. O-O Kh7 10. Nh2 f5 11. f4 Nd4 12. Ne2 Nxe2+ 13. Qxe2 Nc6 14. c3 fxe4 15. dxe4
exf4 16. Bxf4 Qe7 17. Rae1 Be6 18. Bd5 Rae8 19. Qd2 Ne5 20. Bxe5 Bxe5 21. Bxb7
Bc4 22. Rxf8 Rxf8 23. Bd5 Ba6 24. Ng4 Bf4 25. Qd4 c5 26. Qa4 Bc8 27. Nh2 Bg3 28.
Rc1 Qg5 29. Qd1 Qe3+ 30. Kh1 Rf2 31. e5 Bxh2 32. Kxh2 Qxh3+ 33. Kg1 Qe3 34. Kh2
Qxe5+ 35. Kg1 Qe3 36. Kh2 Rf5 37. Bf3 Rf4 38. Qxd6 Rh4+ 39. Kg3 Qg5+ 40. Kf2
Qxc1 41. Qe7+ Kg8 42. Qd8+ Kf7 43. Bd5+ Kg7 44. Qe7+ Kh8 45. Qf8+ Kh7 46. Qg8# 1-0

[Event "33rd Leon Blitz Open 2020"]
[Site "chess.com INT"]
[Date "2020.07.14"]
[Round "9"]
[White "Novoselski, Zoran"]
[Black "Tregubov, Pavel V."]
[Result "1/2-1/2"]
[WhiteTitle "IM"]
[BlackTitle "GM"]
[WhiteElo "2318"]
[BlackElo "2560"]
[WhiteFideId "901970"]
[BlackFideId "4115341"]
[EventDate "2020.07.14"]
[EventType "blitz"]

1. e4 e6 2. d4 d5 3. Nc3 Bb4 4. Bd3 dxe4 5. Bxe4 Nf6 6. Bf3 Nbd7 7. Ne2 O-O 8.
O-O e5 9. a3 Ba5 10. Bg5 h6 11. dxe5 hxg5 12. exf6 Nxf6 13. Qxd8 Rxd8 14. Rfd1
c6 15. Rxd8+ Bxd8 16. Ng3 g4 17. Be2 Bc7 18. Nge4 Nxe4 19. Nxe4 b6 20. Bc4 Kf8
21. Ng5 f6 22. Ne6+ Bxe6 23. Bxe6 Be5 24. c3 Rd8 25. Bxg4 Rd2 26. Rb1 a5 27. g3
Bd6 28. Kf1 Bc5 29. Be2 a4 30. h4 b5 31. Ke1 Rd6 32. Bf3 Re6+ 33. Kf1 Ke7 34.
Rd1 Rd6 35. Rxd6 Kxd6 36. Be4 Bb6 37. f4 Be3 38. Bc2 Bc1 39. b3 axb3 40. Bxb3
Bxa3 41. Ke2 c5 42. Bf7 b4 43. cxb4 cxb4 44. Kd2 Bb2 45. g4 Bd4 46. g5 fxg5 47.
fxg5 Ke5 48. h5 Kf5 49. Kd3 Bc3 50. h6 Kxg5 51. hxg7 Bxg7 52. Kc4 Bc3 53. Kb3 1/2-1/2

[Event "33rd Leon Blitz Open 2020"]
[Site "chess.com INT"]
[Date "2020.07.14"]
[Round "9"]
[White "Siddharth, Jagadeesh"]
[Black "Mogirzan, Matei-Valeriu"]
[Result "1-0"]
[WhiteTitle "FM"]
[BlackTitle "CM"]
[WhiteElo "2320"]
[BlackElo "1813"]
[WhiteFideId "5818320"]
[BlackFideId "1257455"]
[EventDate "2020.07.14"]
[EventType "blitz"]

1. e4 d5 2. exd5 Nf6 3. b3 c6 4. dxc6 e5 5. Bb2 Nxc6 6. Bb5 Bc5 7. Nf3 Bg4 8. h3
Bh5 9. d3 O-O 10. Bxc6 bxc6 11. Nbd2 Nd5 12. O-O f6 13. Ne4 Bb6 14. Ng3 Bg6 15.
Nh4 Bf7 16. Nhf5 g6 17. Nh6+ Kg7 18. Nxf7 Rxf7 19. Ne4 Kg8 20. d4 f5 21. Nc5 f4
22. Qf3 Bxc5 23. dxc5 Qe7 24. Rfe1 Re8 25. Rxe5 Qxe5 26. Bxe5 Rxe5 27. c4 Nf6
28. Qxc6 Ne4 29. Re1 Rfe7 30. Qc8+ Re8 31. Qc7 R8e7 32. Qd8+ Re8 33. Qh4 Nxc5
34. Rxe5 Rxe5 35. Qd8+ Kf7 36. Qc7+ Kf6 37. Qd6+ Ne6 38. b4 g5 39. c5 h5 40. c6
g4 41. c7 Re1+ 42. Kh2 Rc1 43. Qd8+ Kf5 44. c8=Q g3+ 45. fxg3 fxg3+ 46. Kxg3 h4+
47. Kxh4 1-0

[Event "33rd Leon Blitz Open 2020"]
[Site "chess.com INT"]
[Date "2020.07.14"]
[Round "9"]
[White "Arjun, Kalyan"]
[Black "Jones, Gawain C B"]
[Result "0-1"]
[WhiteTitle "IM"]
[BlackTitle "GM"]
[WhiteElo "2477"]
[BlackElo "2670"]
[WhiteFideId "35018701"]
[BlackFideId "409561"]
[EventDate "2020.07.14"]
[EventType "blitz"]

1. e4 e5 2. Nf3 Nc6 3. Bc4 Nf6 4. d3 h6 5. c3 Bc5 6. O-O d6 7. Re1 Bb6 8. a4 O-O
9. h3 a5 10. Nbd2 Ne7 11. Nf1 Ng6 12. Ng3 c6 13. Bb3 Re8 14. d4 Be6 15. Bc2 Qc7
16. Be3 Rad8 17. Qd2 d5 18. exd5 Bxd5 19. Bxg6 Bxf3 20. Bd3 exd4 21. Bxd4 Bxd4
22. Rxe8+ Rxe8 23. cxd4 Bd5 24. Nf5 Re6 25. Re1 Rxe1+ 26. Qxe1 Be6 27. Ne3 Qb6
28. Qc3 Nd5 29. Nxd5 Bxd5 30. Bc2 g6 31. b3 h5 32. h4 Qd8 33. g3 b6 34. Qe3 Qf8
35. Be4 Qd6 36. Bxd5 Qxd5 37. Kf1 Kf8 38. Ke2 b5 39. axb5 cxb5 40. Kd2 a4 41.
bxa4 Qa2+ 42. Kc1 bxa4 43. Qf4 a3 44. Qd6+ Kg8 45. Qb8+ Kh7 46. Qa7 Qb2+ 47. Kd1
Kg7 0-1

[Event "33rd Leon Blitz Open 2020"]
[Site "chess.com INT"]
[Date "2020.07.14"]
[Round "9"]
[White "Leve, Nitai"]
[Black "Xu, Yuanyuan"]
[Result "1-0"]
[BlackTitle "WGM"]
[WhiteElo "2128"]
[BlackElo "2317"]
[WhiteFideId "2006898"]
[BlackFideId "8601089"]
[EventDate "2020.07.14"]
[EventType "blitz"]

1. e4 c6 2. d4 d5 3. e5 c5 4. dxc5 e6 5. Bd3 Bxc5 6. Qg4 Ne7 7. Qxg7 Rg8 8. Qxh7
Rxg2 9. Nh3 Qb6 10. Nc3 Nbc6 11. Kf1 Rg8 12. Na4 Qa5 13. Nxc5 Qxc5 14. Bf4 Bd7
15. Ng5 O-O-O 16. Nxf7 Rdf8 17. Bh6 Rh8 18. Qg7 Rhg8 19. Qf6 Re8 20. Nd6+ Kb8
21. Nxe8 Rxe8 22. c3 Nf5 23. Bxf5 exf5 24. Be3 d4 25. cxd4 Qc4+ 26. Kg2 Rg8+ 27.
Bg5 Qd5+ 28. f3 Nxd4 29. Qd6+ Qxd6 30. exd6 Rxg5+ 31. Kf2 Bc6 32. Rhg1 Rxg1 33.
Rxg1 Kc8 34. Rg7 Nxf3 35. Rc7+ Kd8 36. Rxc6 bxc6 37. Kxf3 Kd7 38. Kf4 Kxd6 39.
Kxf5 Ke7 40. h4 Kf7 41. Ke5 Kg6 42. Kd6 Kh5 43. Kxc6 Kxh4 44. b4 Kg4 45. b5 Kf5
46. Kb7 Ke6 47. Kxa7 Kd7 48. b6 Kc6 49. b7 Kc7 50. b8=Q+ 1-0

[Event "33rd Leon Blitz Open 2020"]
[Site "chess.com INT"]
[Date "2020.07.14"]
[Round "9"]
[White "Ramoutar, Alan-Safar"]
[Black "Postny, Evgeny"]
[Result "0-1"]
[WhiteTitle "IM"]
[BlackTitle "GM"]
[WhiteElo "2305"]
[BlackElo "2600"]
[WhiteFideId "7704224"]
[BlackFideId "2804344"]
[EventDate "2020.07.14"]
[EventType "blitz"]

1. e4 c5 2. Nc3 e6 3. Nf3 Nf6 4. d4 cxd4 5. Nxd4 Nc6 6. g3 d6 7. Bg2 Bd7 8. O-O
Be7 9. Be3 a6 10. f4 O-O 11. Nb3 b5 12. a3 Qc7 13. g4 g6 14. g5 Nh5 15. f5 Ne5
16. Nd4 Nc4 17. Bc1 Qc5 18. Kh1 Rfd8 19. Bf3 exf5 20. exf5 Ne5 21. Nd5 Nxf3 22.
Nxe7+ Kf8 23. Qxf3 Qxd4 24. fxg6 Be6 25. Be3 Qh4 26. Nd5 Ng3+ 27. Qxg3 Bxd5+ 28.
Kg1 Qxg3+ 29. hxg3 hxg6 30. Bd4 Rdc8 31. c3 Ke8 32. Rfe1+ Kd7 33. Bf6 Re8 34.
Rxe8 Rxe8 35. Kf2 Rc8 36. Re1 Be6 37. Rd1 Rc5 38. Rd4 Kc6 39. g4 a5 40. b4 Rxc3
41. Rxd6+ Kxd6 42. Bxc3 a4 43. Ke3 Kd5 44. Kd2 Kc4 45. Kc2 Bxg4 46. Bf6 Be6 47.
Kb2 Kd3 48. Ka1 Kc2 49. Be5 f5 50. gxf6 g5 51. Bd6 g4 52. Be5 Kb3 53. Bd6 Kxa3
54. Kb1 Kb3 0-1

[Event "33rd Leon Blitz Open 2020"]
[Site "chess.com INT"]
[Date "2020.07.14"]
[Round "9"]
[White "Harsha, Bharathakoti"]
[Black "Bykhovsky, Anatoly"]
[Result "0-1"]
[WhiteTitle "GM"]
[BlackTitle "GM"]
[WhiteElo "2509"]
[BlackElo "2496"]
[WhiteFideId "5078776"]
[BlackFideId "2806991"]
[EventDate "2020.07.14"]
[EventType "blitz"]

1. Nf3 c5 2. c4 Nc6 3. Nc3 g6 4. e3 Bg7 5. d4 d6 6. d5 Ne5 7. Nxe5 Bxe5 8. Bd3
Bg7 9. O-O Nf6 10. e4 O-O 11. Bg5 h6 12. Bf4 a6 13. a4 e6 14. Qd2 exd5 15. exd5
g5 16. Bg3 Nh5 17. Be2 Nxg3 18. hxg3 f5 19. Bd3 Bd7 20. Qc2 Qf6 21. Rae1 Rae8
22. Qd1 g4 23. Qc2 h5 24. Qb3 Bc8 25. Qd1 h4 26. gxh4 Qxh4 27. Rxe8 Rxe8 28. Re1
Be5 29. g3 Qf6 30. Bf1 Bd7 31. Bg2 Kf7 32. Qd3 Re7 33. a5 Bd4 34. Qd2 Rxe1+ 35.
Qxe1 Qd8 36. Ne2 Be5 37. Nf4 Bd4 38. Ne6 Qf6 39. Qd1 Qe5 40. Nf4 Bc8 41. Qb3
Qe1+ 42. Kh2 Qxf2 43. Qd1 Be5 44. Kh1 Qxg3 0-1

[Event "33rd Leon Blitz Open 2020"]
[Site "chess.com INT"]
[Date "2020.07.14"]
[Round "9"]
[White "Das, Arghyadip"]
[Black "Murzin, Volodar"]
[Result "0-1"]
[WhiteTitle "IM"]
[BlackTitle "IM"]
[WhiteElo "2453"]
[BlackElo "2465"]
[WhiteFideId "5003610"]
[BlackFideId "44155573"]
[EventDate "2020.07.14"]
[EventType "blitz"]

1. e4 c6 2. d4 d5 3. exd5 cxd5 4. c4 Nf6 5. Nc3 g6 6. cxd5 Nxd5 7. Bc4 Nb6 8.
Bb3 Bg7 9. Nf3 O-O 10. O-O Bg4 11. h3 Bxf3 12. Qxf3 Nc6 13. Rd1 Rc8 14. Be3 Na5
15. Rac1 Nxb3 16. axb3 Qd7 17. d5 Rc7 18. Bd4 Rfc8 19. Bxg7 Kxg7 20. Qe3 Qd6 21.
Ra1 a6 22. Qd4+ Qf6 23. Qxf6+ exf6 24. Rd4 Rd7 25. Rad1 f5 26. Kf1 Rd6 27. f4
Nd7 28. Rc4 Rc5 29. Kf2 b5 30. Rcd4 Rc8 31. Kf3 Nc5 32. b4 Nd7 33. g4 Nb6 34.
gxf5 gxf5 35. Rg1+ Kf6 36. Re1 Nc4 37. Re2 Nxb2 38. Nxb5 axb5 39. Rxb2 Rc3+ 40.
Kg2 Re3 41. Rc2 Re4 42. Rxe4 fxe4 43. Rc5 Kf5 44. Kg3 Rg6+ 45. Kf2 Kxf4 46. Rxb5
e3+ 47. Ke2 Rg2+ 48. Kd3 Rd2+ 49. Kc3 Rd1 0-1

[Event "33rd Leon Blitz Open 2020"]
[Site "chess.com INT"]
[Date "2020.07.14"]
[Round "9"]
[White "Azarov, Sergei"]
[Black "Korobov, Anton"]
[Result "0-1"]
[WhiteTitle "GM"]
[BlackTitle "GM"]
[WhiteElo "2604"]
[BlackElo "2688"]
[WhiteFideId "13501470"]
[BlackFideId "14105730"]
[EventDate "2020.07.14"]
[EventType "blitz"]

1. e4 c5 2. Nf3 Nc6 3. d4 cxd4 4. Nxd4 Qb6 5. Nb3 e6 6. Bd3 Nf6 7. O-O Be7 8.
Nc3 a6 9. Be3 Qc7 10. f4 d6 11. Qf3 O-O 12. Kh1 b5 13. Rae1 Bb7 14. Qh3 Nb4 15.
Nd4 Rac8 16. a3 Nxd3 17. cxd3 Rfe8 18. Rf3 Nd7 19. Rg3 Bf8 20. Rf1 Qd8 21. f5 e5
22. f6 Nxf6 23. Nf5 Kh8 24. Bg5 Re6 25. Nd5 Rc5 26. Nxf6 Rxf6 27. Qg4 Bc8 28.
Bxf6 Qxf6 29. Qf3 Rc2 30. Rf2 Rc1+ 31. Rf1 Rc2 32. Rf2 Rc7 33. Rf1 Be6 34. Ne3
Qxf3 35. Rgxf3 g6 36. R3f2 Bh6 37. Rc2 Rxc2 38. Nxc2 f5 39. Nb4 a5 40. Nd5 Kg7
41. g3 a4 42. Rf2 Bxd5 43. exd5 Be3 44. Rc2 Bc5 45. Kg2 e4 0-1

[Event "33rd Leon Blitz Open 2020"]
[Site "chess.com INT"]
[Date "2020.07.14"]
[Round "9"]
[White "Lopez Idarraga, Daniel Eduardo"]
[Black "Aitbayev, Aslan"]
[Result "0-1"]
[WhiteTitle "FM"]
[BlackTitle "IM"]
[WhiteElo "2009"]
[BlackElo "2457"]
[WhiteFideId "4405501"]
[BlackFideId "13704613"]
[EventDate "2020.07.14"]
[EventType "blitz"]

1. d4 d6 2. Nf3 g6 3. Bf4 Bg7 4. e3 Nf6 5. Be2 O-O 6. O-O b6 7. h3 Bb7 8. a4 a5
9. Bh2 Nbd7 10. c3 Qe8 11. Nbd2 e5 12. Nc4 e4 13. Nfd2 Nd5 14. Qb3 Qe7 15. Qa3
f5 16. b4 axb4 17. cxb4 f4 18. Qb3 Kh8 19. Rac1 Rae8 20. exf4 Bxd4 21. Ne3 N7f6
22. Bc4 c6 23. b5 Nc7 24. bxc6 Bxc6 25. Rfe1 Ba8 26. Ndf1 Ne6 27. Rcd1 Nc5 28.
Qa2 Nd3 29. Bxd3 exd3 30. Nf5 Qxe1 31. Rxe1 Rxe1 32. Nxd4 Ne4 33. Qb2 Rf6 34.
Nf3 Rd1 35. Nd2 Kg7 36. Nxe4 Bxe4 37. Qxb6 d2 38. Qd4 Bc2 39. Qxd2 Rxd2 40. Nxd2
Rf5 41. Nc4 Rd5 42. Ne3 Rd2 43. Nxc2 Rd1+ 0-1

[Event "33rd Leon Blitz Open 2020"]
[Site "chess.com INT"]
[Date "2020.07.14"]
[Round "9"]
[White "Olsen, Filip Boe"]
[Black "Fakhrutdinov, Timur"]
[Result "0-1"]
[WhiteTitle "IM"]
[BlackTitle "FM"]
[WhiteElo "2353"]
[BlackElo "2501"]
[WhiteFideId "1440640"]
[BlackFideId "24176702"]
[EventDate "2020.07.14"]
[EventType "blitz"]

1. d4 Nf6 2. c4 e6 3. Nc3 Bb4 4. e3 O-O 5. Bd3 b6 6. Ne2 Bb7 7. a3 Be7 8. O-O d5
9. cxd5 exd5 10. b4 a5 11. Rb1 axb4 12. axb4 Nc6 13. b5 Na5 14. Nf4 Bd6 15. Qf3
Ra7 16. Kh1 Qa8 17. Ra1 Rd8 18. h4 Bb4 19. Bb2 Ne4 20. Ncxd5 Rxd5 21. Bxe4 Rxb5
22. Bxb7 Qxb7 23. Qg4 Bd6 24. Nh5 g6 25. Nf6+ Kg7 26. Ne8+ Kf8 27. Nxd6 cxd6 28.
Ba3 Nc4 29. Qf4 Rxa3 30. Rxa3 Nxa3 31. Qxd6+ Qe7 32. Qf4 Kg7 33. Rc1 Rb1 34.
Rxb1 Nxb1 35. g3 Nc3 36. Qb8 Qe4+ 37. Kh2 b5 38. Qc7 Nd1 39. Kg1 Qf5 40. f4 Nxe3
41. Qc3 Nd5 42. Qb3 b4 43. Kf2 Qe4 44. h5 Qxd4+ 0-1

[Event "33rd Leon Blitz Open 2020"]
[Site "chess.com INT"]
[Date "2020.07.14"]
[Round "9"]
[White "Srdanovic, Jovana"]
[Black "Shuvalov, Evgenij"]
[Result "1/2-1/2"]
[WhiteTitle "WFM"]
[WhiteElo "2070"]
[BlackElo "2182"]
[WhiteFideId "954810"]
[BlackFideId "4187237"]
[EventDate "2020.07.14"]
[EventType "blitz"]

1. d4 Nf6 2. c4 g6 3. Nc3 d5 4. Nf3 Bg7 5. Bg5 Ne4 6. cxd5 Nxg5 7. Nxg5 e6 8.
Qd2 exd5 9. Qe3+ Kf8 10. Qf4 Bf6 11. h4 h6 12. Nxd5 hxg5 13. Qxf6 Qxf6 14. Nxf6
Rxh4 15. Rxh4 gxh4 16. Nd5 Na6 17. e3 Be6 18. Nf4 Nb4 19. Nxe6+ fxe6 20. Kd2 Rd8
21. a3 Nd5 22. Bd3 Kf7 23. Rh1 g5 24. g3 Rh8 25. gxh4 gxh4 26. Ke2 Kf6 27. Kf3
e5 28. Be4 c6 29. Bxd5 cxd5 30. dxe5+ Kxe5 31. Kg4 Ke4 32. Rxh4 Rxh4+ 33. Kxh4
Kf3 34. Kg5 Kxf2 35. Kf4 a5 36. Ke5 Kxe3 37. Kxd5 Kd3 38. b4 a4 39. Kd6 Kc3 40.
Kc7 Kb3 41. b5 Kxa3 42. b6 Kb4 43. Kxb7 a3 44. Kc7 a2 45. b7 a1=Q 46. b8=Q+ Kc4
47. Qg8+ Kc5 48. Qg5+ Kc4 49. Qf4+ Qd4 50. Qxd4+ Kxd4 1/2-1/2

[Event "33rd Leon Blitz Open 2020"]
[Site "chess.com INT"]
[Date "2020.07.14"]
[Round "9"]
[White "Rottenwohrer Suarez, Juan"]
[Black "Padmini, Rout"]
[Result "1-0"]
[WhiteTitle "CM"]
[BlackTitle "IM"]
[WhiteElo "2197"]
[BlackElo "2370"]
[WhiteFideId "32068182"]
[BlackFideId "5029295"]
[EventDate "2020.07.14"]
[EventType "blitz"]

1. d4 Nf6 2. c4 e6 3. Nc3 c5 4. Nf3 cxd4 5. Nxd4 Be7 6. g3 O-O 7. Bg2 Nc6 8. O-O
d5 9. cxd5 exd5 10. Bg5 Be6 11. Nxe6 fxe6 12. Bh3 Kf7 13. Qb3 Qb6 14. Qc2 h6 15.
Bf4 Rac8 16. Qd3 Nb4 17. Qd2 d4 18. Na4 Qb5 19. b3 g5 20. Qxd4 gxf4 21. Qxf4 Nd5
22. Qe5 Qc6 23. e4 Nb4 24. Rfd1 Rcd8 25. Rdc1 Nd3 26. Rxc6 Nxe5 27. Rc7 Nxe4 28.
Rxb7 Rd7 29. Rxd7 Nxd7 30. Re1 Ng5 31. Bg2 Nc5 32. h4 Nxa4 33. hxg5 Nc3 34. gxh6
Rh8 35. Bh3 Rxh6 36. Kg2 Nxa2 37. Ra1 Nb4 38. Rxa7 e5 39. Rb7 Ke8 40. Bf5 Rc6
41. Bd7+ Kf7 42. Bxc6 Nxc6 43. f4 e4 44. Kf2 Ke6 45. g4 Bc5+ 46. Ke2 Nd4+ 47.
Ke3 Kd5 48. Rd7+ Kc6 49. Rxd4 1-0

[Event "33rd Leon Blitz Open 2020"]
[Site "chess.com INT"]
[Date "2020.07.14"]
[Round "9"]
[White "Firouzja, Alireza"]
[Black "Matlakov, Maxim"]
[Result "0-1"]
[WhiteTitle "GM"]
[BlackTitle "GM"]
[WhiteElo "2728"]
[BlackElo "2685"]
[WhiteFideId "12573981"]
[BlackFideId "4168003"]
[EventDate "2020.07.14"]
[EventType "blitz"]

1. d4 Nf6 2. c4 e6 3. Nf3 d5 4. Nc3 c6 5. e3 Nbd7 6. Qc2 Bd6 7. Be2 O-O 8. O-O
dxc4 9. Bxc4 e5 10. h3 Qe7 11. Bb3 a5 12. a3 Bc7 13. Bd2 h6 14. Rad1 Rd8 15. Bc1
exd4 16. exd4 Nf8 17. Rfe1 Be6 18. d5 cxd5 19. Nxd5 Nxd5 20. Bxd5 Rac8 21. Qe4
Bb6 22. Bxb7 Rxd1 23. Bxc8 Rxe1+ 24. Qxe1 Bxf2+ 25. Kxf2 Qc5+ 26. Be3 Qxc8 27.
Qxa5 Ng6 28. Qc5 Qb7 29. Qd4 Ne7 30. Qb6 Qd7 31. Qd4 Qb7 32. b4 Nf5 33. Qc5 Kh7
34. Qc2 Kg8 35. Bc5 Qd5 36. a4 Bd7 37. b5 g5 38. Nd2 Qe5 39. Ne4 Be6 40. Bb4 Bd5
41. Qc8+ Kh7 42. Bc3 Qxe4 43. Qh8+ Kg6 44. Bd2 Qd4+ 45. Ke1 Qxh8 0-1

[Event "33rd Leon Blitz Open 2020"]
[Site "chess.com INT"]
[Date "2020.07.14"]
[Round "9"]
[White "Lamard, Guillaume"]
[Black "Williams, Simon K"]
[Result "1/2-1/2"]
[WhiteTitle "IM"]
[BlackTitle "GM"]
[WhiteElo "2486"]
[BlackElo "2464"]
[WhiteFideId "600261"]
[BlackFideId "404454"]
[EventDate "2020.07.14"]
[EventType "blitz"]

1. Nf3 f5 2. d4 e6 3. g3 Nf6 4. Bg2 Be7 5. O-O O-O 6. c4 d6 7. b3 a5 8. Bb2 a4
9. Nbd2 Ne4 10. Qc2 a3 11. Bc1 Nxd2 12. Bxd2 Bf6 13. Bc3 Nd7 14. e4 f4 15. gxf4
Be7 16. Bd2 Nf6 17. e5 Nh5 18. Ng5 Bxg5 19. fxg5 Nf4 20. Kh1 dxe5 21. dxe5 Qxg5
22. Be4 Qh5 23. Be3 Ra5 24. c5 Bd7 25. Qd2 Bc6 26. f3 Nd5 27. Qxa5 Nxe3 28. Bxc6
bxc6 29. Qd2 Nd5 30. f4 Qg4 31. Qg2 Qxg2+ 32. Kxg2 Ne3+ 33. Kf3 Nxf1 34. Rxf1
Rd8 35. Ke3 Rd5 36. Rc1 Kf7 37. b4 g5 38. Rc3 gxf4+ 39. Kxf4 Rd4+ 40. Kf3 Rxb4
41. Rxa3 Rc4 42. Ra7 Rxc5 43. Rxc7+ Kg6 44. Ke4 Rc2 45. Re7 Re2+ 46. Kf4 Rxh2
47. Rxe6+ Kf7 48. Rxc6 Rxa2 49. Kf5 Rf2+ 50. Ke4 Re2+ 51. Kd5 Rd2+ 52. Ke4 Re2+
53. Kf4 Rf2+ 54. Ke3 Rf1 55. Ke4 Re1+ 56. Kf5 Rf1+ 57. Kg5 Re1 1/2-1/2

[Event "33rd Leon Blitz Open 2020"]
[Site "chess.com INT"]
[Date "2020.07.14"]
[Round "9"]
[White "Manninen, Marko"]
[Black "Li, Hui"]
[Result "1-0"]
[WhiteTitle "IM"]
[BlackTitle "CM"]
[WhiteElo "2377"]
[BlackElo "1985"]
[WhiteFideId "500690"]
[BlackFideId "15400310"]
[EventDate "2020.07.14"]
[EventType "blitz"]

1. e4 c5 2. Nf3 d6 3. g3 Nf6 4. d3 g6 5. Bg2 Bg7 6. O-O O-O 7. c3 Nc6 8. Re1 e5
9. Nbd2 Rb8 10. Nf1 b5 11. Bg5 h6 12. Bxf6 Bxf6 13. Ne3 Bg7 14. Nh4 Be6 15. Bf3
Ne7 16. Nc2 d5 17. exd5 Nxd5 18. Ne3 Nxe3 19. Rxe3 Kh7 20. Qc2 a6 21. a3 Qb6 22.
Rae1 Rbd8 23. Bg2 Qd6 24. Nf3 Bd5 25. Nxe5 Bxg2 26. Kxg2 Bxe5 27. Rxe5 Qxd3 28.
Qxd3 Rxd3 29. Rxc5 Rd2 30. b4 Ra2 31. Re7 Rxa3 32. Ra7 Kg7 33. Rxb5 axb5 34.
Rxa3 Rc8 35. Kf3 Kf6 36. Ke4 Re8+ 37. Kd4 Re2 38. Kc5 Rxf2 39. Kxb5 Rxh2 40. c4
g5 41. c5 Rc2 42. Kc6 h5 43. b5 h4 44. gxh4 gxh4 45. b6 Kg5 46. Rb3 Re2 47. b7
Re8 48. Kd7 Rb8 49. c6 Kg4 50. c7 Rxb7 51. Rxb7 h3 52. Rb1 1-0